| 000 | 00442nam a2200193Ia 4500 | ||
|---|---|---|---|
| 003 | OSt | ||
| 005 | 20230311111108.0 | ||
| 008 | 210210b1959 xxu||||| |||| 00| 0 eng d | ||
| 040 | _cAL | ||
| 041 | _aeng | ||
| 082 | _a311/8 | ||
| 100 |
_aBHALLA (G S) _975045 |
||
| 245 | _aIndian statistics | ||
| 260 |
_aDelhi _bNot Mentioned _c1959 |
||
| 300 | _a290 | ||
| 690 |
_aMathematical Statistics _975046 |
||
| 906 | _a001714 | ||
| 942 |
_2ddc _cBK |
||
| 999 |
_c116583 _d116583 |
||